[Event "Hoogeveen Open 2016"]
[Site "Hoogeveen"]
[Date "2016.10.20"]
[Round "7.4"]
[White "Romanishin, Oleg M"]
[Black "Karavade, Eesha"]
[Result "1/2-1/2"]
[BlackElo "2421"]
[WhiteElo "2456"]
[LiveChessVersion "1.4.8"]

1. Nf3 {[%clk 1:29:38]} Nf6 {[%clk 1:30:13]} 2. g3 {[%clk 1:29:40]} g6
{[%clk 1:30:11]} 3. Bg2 {[%clk 1:30:03]} Bg7 {[%clk 1:30:36]} 4. c4
{[%clk 1:28:51]} c6 {[%clk 1:29:49]} 5. d4 {[%clk 1:28:15]} d5 {[%clk 1:27:43]}
6. cxd5 {[%clk 1:23:02]} cxd5 {[%clk 1:28:05]} 7. Ne5 {[%clk 1:23:05]} Ne4
{[%clk 1:26:22]} 8. Nd2 {[%clk 1:20:43]} Nd7 {[%clk 1:23:33]} 9. O-O
{[%clk 0:38:37]} Nxd2 {[%clk 1:19:47]} 10. Bxd2 {[%clk 0:35:30]} Nxe5
{[%clk 1:13:28]} 11. dxe5 {[%clk 0:35:56]} Bxe5 {[%clk 1:13:15]} 12. Bh6
{[%clk 0:36:17]} Be6 {[%clk 1:13:40]} 13. e4 {[%clk 0:33:31]} Qb6
{[%clk 1:04:09]} 14. exd5 {[%clk 0:30:36]} Bd7 {[%clk 1:04:34]} 15. Re1
{[%clk 0:26:32]} f6 {[%clk 1:04:47]} 16. d6 {[%clk 0:22:43]} Be6 {[%clk 0:57:22]}
17. dxe7 {[%clk 0:16:43]} Kxe7 {[%clk 0:55:15]} 18. Be3 {[%clk 0:16:49]} Qb5
{[%clk 0:50:54]} 19. a4 {[%clk 0:16:34]} Qb4 {[%clk 0:50:44]} 20. f4
{[%clk 0:13:01]} Rhd8 {[%clk 0:47:51]} 21. Qe2 {[%clk 0:12:03]} Bc7
{[%clk 0:45:56]} 22. Bf2 {[%clk 0:11:03]} Rd6 {[%clk 0:44:53]} 23. Bd5
{[%clk 0:09:38]} Bb6 {[%clk 0:45:18]} 24. Bxe6 {[%clk 0:02:55]} Bxf2+
{[%clk 0:45:27]} 25. Qxf2 {[%clk 0:03:05]} Rxe6 {[%clk 0:45:40]} 26. Rxe6+
{[%clk 0:01:55]} Kxe6 {[%clk 0:46:02]} 27. f5+ {[%clk 0:02:09]} Kf7
{[%clk 0:45:03]} 28. Rd1 {[%clk 0:02:32]} Re8 {[%clk 0:44:52]} 29. Rd4
{[%clk 0:01:05]} Re1+ {[%clk 0:38:18]} 30. Kg2 {[%clk 0:01:33]} Qe7
{[%clk 0:38:37]} 31. Kh3 {[%clk 0:00:54]} Re4 {[%clk 0:38:18]} 32. fxg6+
{[%clk 0:00:51]} 1/2-1/2

[Event "Hoogeveen Open 2016"]
[Site "Hoogeveen"]
[Date "2016.10.20"]
[Round "7.5"]
[White "Beerdsen, Thomas"]
[Black "Werle, Jan"]
[Result "1/2-1/2"]
[BlackElo "2555"]
[WhiteElo "2404"]
[LiveChessVersion "1.4.8"]

1. e4 {[%clk 1:30:57]} e6 {[%clk 1:30:57]} 2. d4 {[%clk 1:31:22]} d5
{[%clk 1:31:25]} 3. Nd2 {[%clk 1:31:48]} c5 {[%clk 1:31:32]} 4. exd5
{[%clk 1:31:54]} Qxd5 {[%clk 1:31:47]} 5. Ngf3 {[%clk 1:30:50]} cxd4
{[%clk 1:31:55]} 6. Bc4 {[%clk 1:30:58]} Qd6 {[%clk 1:32:00]} 7. O-O
{[%clk 1:31:02]} Nf6 {[%clk 1:32:05]} 8. Nb3 {[%clk 1:28:40]} Nc6
{[%clk 1:32:17]} 9. Nbxd4 {[%clk 1:28:05]} Nxd4 {[%clk 1:32:24]} 10. Nxd4
{[%clk 1:28:30]} a6 {[%clk 1:31:43]} 11. Re1 {[%clk 1:27:51]} Qc7
{[%clk 1:29:57]} 12. Bf1 {[%clk 1:26:36]} Be7 {[%clk 1:26:51]} 13. Qf3
{[%clk 1:19:35]} O-O {[%clk 1:26:19]} 14. c3 {[%clk 1:12:16]} Bd6
{[%clk 1:17:29]} 15. g3 {[%clk 0:55:55]} e5 {[%clk 1:15:45]} 16. Nb3
{[%clk 0:56:10]} Bg4 {[%clk 1:12:57]} 17. Qd3 {[%clk 0:52:20]} h6
{[%clk 1:08:15]} 18. Bg2 {[%clk 0:48:54]} Rad8 {[%clk 1:06:03]} 19. Be3
{[%clk 0:47:17]} Be7 {[%clk 0:57:48]} 20. Qf1 {[%clk 0:36:53]} Nd5
{[%clk 0:53:50]} 21. Bh3 {[%clk 0:33:07]} Bxh3 {[%clk 0:45:45]} 22. Qxh3
{[%clk 0:33:24]} a5 {[%clk 0:41:07]} 23. Qg4 {[%clk 0:29:00]} f5 {[%clk 0:39:52]}
24. Qa4 {[%clk 0:28:12]} f4 {[%clk 0:37:16]} 25. gxf4 {[%clk 0:25:39]} Nxf4
{[%clk 0:30:46]} 26. Qe4 {[%clk 0:21:46]} Qd7 {[%clk 0:20:45]} 27. Kh1
{[%clk 0:17:19]} a4 {[%clk 0:17:19]} 28. Na5 {[%clk 0:14:59]} Qd5
{[%clk 0:11:04]} 29. Qxd5+ {[%clk 0:08:30]} Rxd5 {[%clk 0:11:28]} 30. Nc4
{[%clk 0:07:53]} Nd3 {[%clk 0:10:34]} 31. Re2 {[%clk 0:07:07]} Bc5
{[%clk 0:08:30]} 32. Kg1 {[%clk 0:06:12]} b5 {[%clk 0:06:21]} 33. Bxc5
{[%clk 0:06:30]} Rxc5 {[%clk 0:06:30]} 34. Nd6 {[%clk 0:05:17]} Rd5
{[%clk 0:06:10]} 35. Ne4 {[%clk 0:05:42]} Nf4 {[%clk 0:05:20]} 36. Ree1
{[%clk 0:03:55]} Rfd8 {[%clk 0:05:46]} 37. b3 {[%clk 0:03:52]} a3
{[%clk 0:05:18]} 38. c4 {[%clk 0:03:04]} bxc4 {[%clk 0:05:43]} 39. bxc4
{[%clk 0:03:31]} Rd4 {[%clk 0:05:52]} 40. Ng3 {[%clk 0:03:06]} Nd3
{[%clk 0:01:09]} 41. Re4 {[%clk 0:26:21]} Rxe4 {[%clk 0:30:10]} 42. Nxe4
{[%clk 0:25:55]} Rd4 {[%clk 0:29:15]} 43. Nc3 {[%clk 0:24:29]} Rg4+
{[%clk 0:24:41]} 44. Kf1 {[%clk 0:23:02]} Rxc4 {[%clk 0:25:06]} 45. Nb5
{[%clk 0:23:25]} Rc2 {[%clk 0:25:13]} 46. Nxa3 {[%clk 0:22:10]} Rxf2+
{[%clk 0:25:38]} 47. Kg1 {[%clk 0:22:38]} e4 {[%clk 0:24:46]} 48. Nc4
{[%clk 0:21:03]} Rc2 {[%clk 0:24:25]} 49. Ne3 {[%clk 0:21:21]} Re2
{[%clk 0:23:46]} 50. Nc4 {[%clk 0:18:06]} Nf4 {[%clk 0:13:57]} 51. a4
{[%clk 0:15:47]} Nh3+ {[%clk 0:07:20]} 52. Kh1 {[%clk 0:15:20]} Ng5
{[%clk 0:07:27]} 53. Ne5 {[%clk 0:14:32]} e3 {[%clk 0:05:59]} 54. a5
{[%clk 0:14:04]} Rd2 {[%clk 0:05:10]} 55. Nc4 {[%clk 0:13:15]} Re2
{[%clk 0:05:14]} 56. Ne5 {[%clk 0:12:45]} Rd2 {[%clk 0:05:16]} 57. Nc4
{[%clk 0:13:12]} Re2 {[%clk 0:05:00]} 1/2-1/2

[Event "Hoogeveen Open 2016"]
[Site "Hoogeveen"]
[Date "2016.10.20"]
[Round "7.6"]
[White "De Jong, Migchiel"]
[Black "Debashis, Das"]
[Result "1/2-1/2"]
[BlackElo "2478"]
[WhiteElo "2330"]
[LiveChessVersion "1.4.8"]

1. Nf3 {[%clk 1:30:49]} Nf6 {[%clk 1:29:21]} 2. c4 {[%clk 1:30:58]} e6
{[%clk 1:29:42]} 3. g3 {[%clk 1:31:01]} d5 {[%clk 1:29:59]} 4. Bg2
{[%clk 1:31:11]} Be7 {[%clk 1:29:31]} 5. O-O {[%clk 1:31:30]} O-O
{[%clk 1:29:55]} 6. d4 {[%clk 1:31:36]} dxc4 {[%clk 1:29:45]} 7. Qc2
{[%clk 1:31:08]} a6 {[%clk 1:30:07]} 8. a4 {[%clk 1:31:08]} Bd7 {[%clk 1:30:28]}
9. Qxc4 {[%clk 1:30:50]} Bc6 {[%clk 1:30:51]} 10. Bg5 {[%clk 1:30:37]} Bd5
{[%clk 1:24:54]} 11. Qc2 {[%clk 1:30:21]} Be4 {[%clk 1:19:34]} 12. Qd1
{[%clk 1:28:35]} c5 {[%clk 1:06:59]} 13. dxc5 {[%clk 1:26:22]} Bxc5
{[%clk 1:01:59]} 14. Nbd2 {[%clk 1:26:10]} Bc6 {[%clk 1:01:09]} 15. Ne5
{[%clk 1:25:28]} Bxg2 {[%clk 0:55:32]} 16. Kxg2 {[%clk 1:25:48]} Be7
{[%clk 0:45:52]} 17. Rc1 {[%clk 1:23:22]} Nbd7 {[%clk 0:42:57]} 1/2-1/2

[Event "Hoogeveen Open 2016"]
[Site "Hoogeveen"]
[Date "2016.10.20"]
[Round "7.7"]
[White "Colijn, Stefan"]
[Black "Ten Hertog, Hugo"]
[Result "1/2-1/2"]
[BlackElo "2468"]
[WhiteElo "2293"]
[LiveChessVersion "1.4.8"]

1. d4 {[%clk 1:30:39]} g6 {[%clk 1:30:54]} 2. g3 {[%clk 1:30:37]} Bg7
{[%clk 1:31:19]} 3. Bg2 {[%clk 1:31:05]} d6 {[%clk 1:29:58]} 4. e4
{[%clk 1:29:26]} Nf6 {[%clk 1:25:27]} 5. Nc3 {[%clk 1:29:33]} O-O
{[%clk 1:25:51]} 6. Nge2 {[%clk 1:29:57]} Nbd7 {[%clk 1:23:52]} 7. O-O
{[%clk 1:30:16]} e5 {[%clk 1:24:14]} 8. h3 {[%clk 1:28:39]} c6 {[%clk 1:22:17]}
9. a4 {[%clk 1:16:45]} b6 {[%clk 1:13:35]} 10. Be3 {[%clk 1:08:26]} Re8
{[%clk 1:13:00]} 11. Qd2 {[%clk 1:01:43]} Qc7 {[%clk 0:54:20]} 12. Bh6
{[%clk 0:51:58]} Bh8 {[%clk 0:43:04]} 13. Rad1 {[%clk 0:47:21]} exd4
{[%clk 0:34:18]} 14. Nxd4 {[%clk 0:47:12]} Ne5 {[%clk 0:10:15]} 15. b3
{[%clk 0:42:37]} Ba6 {[%clk 0:07:24]} 16. Rfe1 {[%clk 0:41:08]} Rad8
{[%clk 0:07:49]} 17. Bg5 {[%clk 0:28:07]} Bb7 {[%clk 0:06:45]} 18. Qf4
{[%clk 0:20:05]} Ned7 {[%clk 0:05:06]} 19. Qh4 {[%clk 0:20:34]} a6
{[%clk 0:04:33]} 20. Kh2 {[%clk 0:18:51]} Rc8 {[%clk 0:03:24]} 21. f4
{[%clk 0:13:45]} Qb8 {[%clk 0:00:38]} 22. Bh6 {[%clk 0:10:01]} Nf8
{[%clk 0:00:35]} 23. Nf3 {[%clk 0:06:45]} Nh5 {[%clk 0:00:32]} 24. e5
{[%clk 0:05:14]} dxe5 {[%clk 0:00:46]} 25. Nxe5 {[%clk 0:05:07]} c5
{[%clk 0:00:32]} 26. Nd5 {[%clk 0:04:00]} Bxd5 {[%clk 0:00:42]} 27. Rxd5
{[%clk 0:01:45]} Nf6 {[%clk 0:00:37]} 28. Rdd1 {[%clk 0:01:46]} Ne6
{[%clk 0:00:34]} 29. Nd7 {[%clk 0:00:45]} Nxd7 {[%clk 0:01:01]} 30. Rxd7
{[%clk 0:01:14]} Rcd8 {[%clk 0:00:43]} 31. Red1 {[%clk 0:00:39]} Nd4
{[%clk 0:00:31]} 32. Rxd8 {[%clk 0:00:35]} Qxd8 {[%clk 0:00:36]} 33. Qxd8
{[%clk 0:00:36]} Rxd8 {[%clk 0:01:04]} 34. c3 {[%clk 0:00:31]} Ne6
{[%clk 0:01:29]} 35. Rxd8+ {[%clk 0:00:43]} Nxd8 {[%clk 0:01:57]} 36. Bg5
{[%clk 0:00:32]} Ne6 {[%clk 0:02:10]} 37. c4 {[%clk 0:00:32]} Bc3
{[%clk 0:00:40]} 38. Be7 {[%clk 0:00:32]} Nd4 {[%clk 0:00:36]} 39. Bb7
{[%clk 0:00:42]} a5 {[%clk 0:00:37]} 40. Bd8 {[%clk 0:01:01]} Nxb3
{[%clk 0:00:44]} 41. Bxb6 {[%clk 0:01:16]} Kf8 {[%clk 0:28:34]} 42. Kg2
{[%clk 0:29:29]} 1/2-1/2

[Event "Hoogeveen Open 2016"]
[Site "Hoogeveen"]
[Date "2016.10.20"]
[Round "7.8"]
[White "Sundararajan, Kidambi"]
[Black "Van Foreest, Lucas"]
[Result "0-1"]
[BlackElo "2350"]
[WhiteElo "2429"]
[LiveChessVersion "1.4.8"]

1. d4 {[%clk 1:30:56]} Nf6 {[%clk 1:30:55]} 2. Nf3 {[%clk 1:31:13]} e6
{[%clk 1:31:18]} 3. c4 {[%clk 1:31:34]} b6 {[%clk 1:31:44]} 4. g3
{[%clk 1:31:47]} Bb7 {[%clk 1:32:03]} 5. Bg2 {[%clk 1:30:32]} Be7
{[%clk 1:32:27]} 6. O-O {[%clk 1:30:34]} O-O {[%clk 1:32:50]} 7. Bf4
{[%clk 1:28:46]} c5 {[%clk 1:32:28]} 8. d5 {[%clk 1:17:09]} exd5 {[%clk 1:27:00]}
9. Nh4 {[%clk 1:16:08]} Nh5 {[%clk 1:18:01]} 10. Nf5 {[%clk 1:14:31]} Nxf4
{[%clk 1:18:14]} 11. gxf4 {[%clk 1:14:36]} Bf6 {[%clk 1:16:47]} 12. Qd2
{[%clk 1:09:54]} Qc7 {[%clk 1:12:41]} 13. cxd5 {[%clk 1:04:32]} g6
{[%clk 1:11:39]} 14. Nh6+ {[%clk 0:57:07]} Kh8 {[%clk 1:11:18]} 15. Nc3
{[%clk 0:55:27]} d6 {[%clk 1:10:31]} 16. f5 {[%clk 0:49:16]} Nd7 {[%clk 1:08:37]}
17. Ne4 {[%clk 0:36:06]} Bg7 {[%clk 1:02:06]} 18. Qf4 {[%clk 0:31:38]} Bxb2
{[%clk 0:49:37]} 19. Nxd6 {[%clk 0:23:38]} Nf6 {[%clk 0:47:09]} 20. Rab1
{[%clk 0:19:00]} Nh5 {[%clk 0:40:50]} 21. Ndxf7+ {[%clk 0:16:58]} Rxf7
{[%clk 0:41:15]} 22. Qxc7 {[%clk 0:15:56]} Rxc7 {[%clk 0:41:40]} 23. Rxb2
{[%clk 0:15:49]} Nf4 {[%clk 0:41:21]} 24. d6 {[%clk 0:12:08]} Rg7
{[%clk 0:32:04]} 25. Bxb7 {[%clk 0:11:32]} Rxb7 {[%clk 0:32:29]} 26. f6
{[%clk 0:10:24]} Nd5 {[%clk 0:32:02]} 27. Ng4 {[%clk 0:08:37]} h5
{[%clk 0:18:59]} 28. Ne5 {[%clk 0:08:30]} Nxf6 {[%clk 0:19:24]} 29. Nxg6+
{[%clk 0:08:31]} Kh7 {[%clk 0:19:51]} 30. Ne5 {[%clk 0:06:38]} Rg7+
{[%clk 0:20:10]} 31. Kh1 {[%clk 0:06:46]} Rd8 {[%clk 0:14:17]} 32. d7
{[%clk 0:06:24]} Ng4 {[%clk 0:13:39]} 33. Nxg4 {[%clk 0:06:35]} hxg4
{[%clk 0:13:58]} 34. a4 {[%clk 0:04:31]} Rgxd7 {[%clk 0:13:18]} 35. a5
{[%clk 0:04:47]} Rd2 {[%clk 0:12:32]} 36. Rfb1 {[%clk 0:04:10]} Rxb2
{[%clk 0:12:59]} 37. Rxb2 {[%clk 0:04:35]} Rd6 {[%clk 0:13:28]} 38. Kg2
{[%clk 0:04:28]} c4 {[%clk 0:13:51]} 39. axb6 {[%clk 0:02:57]} axb6 40. Kf1
{[%clk 0:03:12]} c3 {[%clk 0:04:32]} 41. Rc2 Rc6 {[%clk 0:04:57]} 42. Ke1
{[%clk 0:02:37]} b5 {[%clk 0:05:04]} 43. Kd1 b4 {[%clk 0:05:22]} 44. Ra2
{[%clk 0:02:44]} Rd6+ {[%clk 0:23:49]} 45. Kc1 {[%clk 0:18:11]} Kg6 46. Ra4 Rd4
{[%clk 0:23:49]} 47. Ra6+ {[%clk 0:12:54]} Kg5 {[%clk 0:23:29]} 48. Rb6
{[%clk 0:11:49]} Kf5 {[%clk 0:22:47]} 49. Rb5+ {[%clk 0:08:19]} Ke4
{[%clk 0:20:19]} 50. Rc5 {[%clk 0:07:21]} Rd2 {[%clk 0:19:02]} 51. Rc4+
{[%clk 0:07:46]} Kf5 {[%clk 0:19:27]} 52. f3 {[%clk 0:05:14]} gxf3
{[%clk 0:19:54]} 53. exf3 {[%clk 0:05:40]} Rb2 {[%clk 0:20:20]} 54. h4
{[%clk 0:05:42]} Ke5 {[%clk 0:20:48]} 55. h5 {[%clk 0:03:04]} Kd5
{[%clk 0:21:16]} 56. Rh4 {[%clk 0:02:34]} b3 {[%clk 0:21:04]} 57. Rb4
{[%clk 0:02:14]} Kc5 {[%clk 0:20:10]} 58. Rb8 {[%clk 0:02:30]} Kc4
{[%clk 0:18:51]} 59. Rc8+ {[%clk 0:02:52]} Kd3 {[%clk 0:19:02]} 60. Rd8+
{[%clk 0:03:16]} Ke2 {[%clk 0:18:58]} 61. Re8+ {[%clk 0:03:04]} Kf2
{[%clk 0:17:14]} 62. Rc8 {[%clk 0:01:56]} Rc2+ {[%clk 0:17:41]} 63. Kb1
{[%clk 0:02:16]} Ke2 {[%clk 0:15:59]} 64. Rb8 {[%clk 0:00:57]} Kd2
{[%clk 0:12:49]} 65. Rd8+ {[%clk 0:01:01]} Ke2 {[%clk 0:12:23]} 66. Rb8
{[%clk 0:00:51]} Rb2+ {[%clk 0:12:28]} 67. Kc1 {[%clk 0:01:12]} Ke3
{[%clk 0:10:48]} 68. Re8+ {[%clk 0:01:20]} Kxf3 {[%clk 0:10:37]} 69. Rc8
{[%clk 0:01:00]} Rc2+ {[%clk 0:11:05]} 70. Kb1 {[%clk 0:00:52]} Ke2
{[%clk 0:11:31]} 71. Rb8 {[%clk 0:00:59]} Rb2+ {[%clk 0:11:13]} 72. Kc1
{[%clk 0:01:24]} Kd3 {[%clk 0:11:36]} 73. Rd8+ {[%clk 0:01:37]} Ke2
{[%clk 0:09:13]} 74. Re8+ {[%clk 0:02:02]} Kf2 {[%clk 0:09:15]} 75. Rc8
{[%clk 0:02:00]} Rc2+ {[%clk 0:09:36]} 76. Kb1 {[%clk 0:02:25]} Ke2
{[%clk 0:10:00]} 77. Rb8 {[%clk 0:02:41]} Rb2+ {[%clk 0:10:14]} 78. Kc1
{[%clk 0:03:07]} Ra2 {[%clk 0:10:07]} 79. Rxb3 {[%clk 0:02:09]} Kd3
{[%clk 0:10:35]} 80. h6 {[%clk 0:02:02]} Rh2 {[%clk 0:10:48]} 81. Kb1
{[%clk 0:01:25]} Kd2 {[%clk 0:10:52]} 0-1

[Event "Hoogeveen Open 2016"]
[Site "Hoogeveen"]
[Date "2016.10.20"]
[Round "7.9"]
[White "Jonkman, Harmen"]
[Black "Okkes, Menno"]
[Result "1/2-1/2"]
[BlackElo "2322"]
[WhiteElo "2413"]
[LiveChessVersion "1.4.8"]

1. e4 {[%clk 1:30:56]} c5 {[%clk 1:30:50]} 2. Nf3 {[%clk 1:31:19]} d6
{[%clk 1:31:05]} 3. Bb5+ {[%clk 1:31:29]} Nd7 {[%clk 1:31:28]} 4. O-O
{[%clk 1:31:38]} a6 {[%clk 1:31:50]} 5. Bd3 {[%clk 1:16:00]} Ngf6
{[%clk 1:32:03]} 6. Re1 {[%clk 1:15:54]} e6 {[%clk 1:32:12]} 7. a4
{[%clk 1:15:08]} b6 {[%clk 1:31:56]} 8. Bf1 {[%clk 1:06:40]} Bb7 {[%clk 1:31:36]}
9. Nc3 {[%clk 1:05:22]} Be7 {[%clk 1:31:04]} 10. d3 {[%clk 1:01:57]} O-O
{[%clk 1:30:46]} 11. Ne2 {[%clk 1:02:23]} Ne5 {[%clk 1:20:45]} 12. Nxe5
{[%clk 0:58:34]} dxe5 {[%clk 1:21:09]} 13. b3 {[%clk 0:57:49]} Nd7
{[%clk 1:14:00]} 14. g3 {[%clk 0:43:13]} f5 {[%clk 1:08:06]} 15. Bg2
{[%clk 0:43:20]} Bg5 {[%clk 0:45:52]} 16. Bxg5 {[%clk 0:37:33]} Qxg5
{[%clk 0:46:05]} 17. f4 {[%clk 0:36:33]} Qf6 {[%clk 0:44:42]} 18. Qd2
{[%clk 0:31:34]} fxe4 {[%clk 0:33:42]} 19. dxe4 {[%clk 0:25:32]} Rad8
{[%clk 0:22:44]} 20. Qd6 {[%clk 0:25:05]} exf4 {[%clk 0:20:29]} 21. Nxf4
{[%clk 0:24:26]} e5 {[%clk 0:19:04]} 22. Qxf6 {[%clk 0:23:46]} Rxf6
{[%clk 0:19:24]} 23. Nd5 {[%clk 0:24:02]} Rd6 {[%clk 0:13:35]} 24. Rf1
{[%clk 0:24:28]} Bxd5 {[%clk 0:12:43]} 25. exd5 {[%clk 0:24:51]} Rf8
{[%clk 0:08:51]} 26. Bh3 {[%clk 0:24:14]} Rxf1+ {[%clk 0:08:23]} 27. Rxf1
{[%clk 0:24:38]} Nf6 {[%clk 0:08:27]} 28. c4 {[%clk 0:21:49]} Kf8
{[%clk 0:08:21]} 29. Bc8 {[%clk 0:18:23]} Rd8 {[%clk 0:07:20]} 30. Bf5
{[%clk 0:13:17]} Ke7 {[%clk 0:07:30]} 31. h4 {[%clk 0:12:22]} Rf8
{[%clk 0:06:38]} 32. a5 {[%clk 0:08:53]} bxa5 {[%clk 0:05:15]} 33. Ra1
{[%clk 0:08:55]} Nxd5 {[%clk 0:05:18]} 34. Bxh7 {[%clk 0:09:18]} Nc3
{[%clk 0:03:28]} 35. Rxa5 {[%clk 0:08:50]} e4 {[%clk 0:03:45]} 36. Rxc5
{[%clk 0:08:18]} Kd6 {[%clk 0:04:09]} 37. Ra5 {[%clk 0:05:21]} e3
{[%clk 0:04:30]} 38. Bd3 {[%clk 0:04:27]} Rf3 {[%clk 0:03:35]} 39. Kg2
{[%clk 0:02:59]} Rf2+ {[%clk 0:03:59]} 40. Kh3 {[%clk 0:03:24]} Rd2
{[%clk 0:03:50]} 41. c5+ {[%clk 0:00:52]} Kc6 {[%clk 0:03:09]} 42. Bxa6
{[%clk 0:26:26]} Rb2 {[%clk 0:28:21]} 43. Bc4 {[%clk 0:25:40]} e2
{[%clk 0:28:35]} 44. Bxe2 {[%clk 0:04:41]} Nxe2 {[%clk 0:28:57]} 45. Ra6+
{[%clk 0:04:30]} Kxc5 {[%clk 0:29:13]} 46. Rg6 {[%clk 0:04:52]} Rxb3
{[%clk 0:29:09]} 47. Rxg7 {[%clk 0:05:18]} Rxg3+ {[%clk 0:23:32]} 48. Rxg3
{[%clk 0:05:42]} Nxg3 {[%clk 0:23:58]} 49. Kxg3 {[%clk 0:06:05]} Kd6
{[%clk 0:24:12]} 50. Kg4 {[%clk 0:06:23]} Ke7 {[%clk 0:24:30]} 51. Kg5
{[%clk 0:06:47]} Kf7 {[%clk 0:24:50]} 52. h5 {[%clk 0:07:08]} Kg7
{[%clk 0:25:15]} 53. h6+ {[%clk 0:07:34]} Kg8 {[%clk 0:25:07]} 54. Kg6
{[%clk 0:07:57]} Kh8 {[%clk 0:25:33]} 55. h7 {[%clk 0:08:22]} 1/2-1/2

[Event "Hoogeveen Open 2016"]
[Site "Hoogeveen"]
[Date "2016.10.20"]
[Round "7.10"]
[White "Rakesh Kumar Jena"]
[Black "Harsha Bharathakoti"]
[Result "1-0"]
[BlackElo "2363"]
[WhiteElo "2247"]
[LiveChessVersion "1.4.8"]

1. e4 {[%clk 1:30:48]} c5 {[%clk 1:30:22]} 2. Nf3 {[%clk 1:31:06]} e6
{[%clk 1:30:38]} 3. d4 {[%clk 1:31:29]} cxd4 {[%clk 1:30:59]} 4. Nxd4
{[%clk 1:31:53]} Nc6 {[%clk 1:31:22]} 5. Nxc6 {[%clk 1:30:07]} bxc6
{[%clk 1:31:44]} 6. Bd3 {[%clk 1:30:31]} Nf6 {[%clk 1:28:36]} 7. O-O
{[%clk 1:30:46]} d5 {[%clk 1:29:02]} 8. Bg5 {[%clk 1:12:12]} h6 {[%clk 1:08:39]}
9. Bxf6 {[%clk 1:10:07]} gxf6 {[%clk 0:55:40]} 10. exd5 {[%clk 1:05:11]} cxd5
{[%clk 0:52:19]} 11. Re1 {[%clk 1:04:05]} Be7 {[%clk 0:48:16]} 12. Nc3
{[%clk 0:48:28]} Rb8 {[%clk 0:43:39]} 13. Rb1 {[%clk 0:48:46]} Kf8
{[%clk 0:41:28]} 14. a3 {[%clk 0:44:10]} f5 {[%clk 0:34:06]} 15. b4
{[%clk 0:34:12]} Bf6 {[%clk 0:27:55]} 16. Na4 {[%clk 0:32:51]} Rg8
{[%clk 0:26:22]} 17. Bf1 {[%clk 0:32:13]} Rg4 {[%clk 0:18:05]} 18. h3
{[%clk 0:30:27]} Rd4 {[%clk 0:12:19]} 19. Qf3 {[%clk 0:30:24]} Qc7
{[%clk 0:08:13]} 20. c3 {[%clk 0:23:32]} Rf4 {[%clk 0:05:08]} 21. Qd3
{[%clk 0:19:56]} d4 {[%clk 0:01:05]} 22. Nc5 {[%clk 0:11:30]} dxc3
{[%clk 0:01:07]} 23. g3 {[%clk 0:11:52]} Rd4 {[%clk 0:01:15]} 24. Qxc3
{[%clk 0:12:16]} Qe7 {[%clk 0:00:47]} 25. Qf3 {[%clk 0:11:41]} Qd6
{[%clk 0:00:34]} 26. Rbc1 {[%clk 0:08:05]} Kg7 {[%clk 0:00:48]} 27. Red1
{[%clk 0:07:31]} a5 {[%clk 0:00:37]} 28. Nb3 {[%clk 0:06:11]} axb4
{[%clk 0:00:36]} 29. Nxd4 {[%clk 0:05:40]} Bxd4 {[%clk 0:01:03]} 30. Rc6
{[%clk 0:02:19]} Qe5 {[%clk 0:00:36]} 31. Qf4 {[%clk 0:02:37]} Qxf4
{[%clk 0:00:33]} 32. gxf4 {[%clk 0:03:06]} Bb7 {[%clk 0:00:33]} 33. Rc4
{[%clk 0:02:56]} Ba7 {[%clk 0:00:32]} 34. Rxb4 {[%clk 0:02:49]} Kf6
{[%clk 0:00:39]} 35. Rd7 {[%clk 0:02:25]} Rg8+ {[%clk 0:01:05]} 36. Kh2
{[%clk 0:02:52]} Bxf2 {[%clk 0:01:11]} 37. Rdxb7 {[%clk 0:03:11]} Bg1+
{[%clk 0:00:59]} 38. Kh1 {[%clk 0:03:40]} Be3 {[%clk 0:01:15]} 39. Bg2
{[%clk 0:03:31]} 1-0

[Event "Hoogeveen Open 2016"]
[Site "Hoogeveen"]
[Date "2016.10.20"]
[Round "7.11"]
[White "Rathnakaran, K."]
[Black "De Graaf, Dick"]
[Result "1-0"]
[BlackElo "2195"]
[WhiteElo "2469"]
[LiveChessVersion "1.4.8"]

1. e4 {[%clk 1:30:57]} d6 {[%clk 1:30:38]} 2. d4 {[%clk 1:31:21]} Nf6
{[%clk 1:31:06]} 3. Nc3 {[%clk 1:31:45]} g6 {[%clk 1:31:26]} 4. Nf3
{[%clk 1:32:08]} Bg7 {[%clk 1:31:52]} 5. Be3 {[%clk 1:32:32]} a6 {[%clk 1:32:20]}
6. Qd2 {[%clk 1:32:40]} O-O {[%clk 1:32:18]} 7. Bh6 {[%clk 1:30:35]} Bxh6
{[%clk 1:31:36]} 8. Qxh6 {[%clk 1:30:56]} c5 {[%clk 1:32:02]} 9. Ng5
{[%clk 1:25:21]} cxd4 {[%clk 1:21:29]} 10. Nd5 {[%clk 1:24:36]} Nbd7
{[%clk 1:20:44]} 11. O-O-O {[%clk 1:22:18]} e6 {[%clk 1:18:47]} 12. Nxf6+
{[%clk 1:19:20]} Nxf6 {[%clk 1:19:16]} 13. f4 {[%clk 1:14:13]} e5
{[%clk 1:19:34]} 14. fxe5 {[%clk 1:08:48]} dxe5 {[%clk 1:19:45]} 15. Bc4
{[%clk 1:08:00]} Be6 {[%clk 1:17:23]} 16. Rhf1 {[%clk 1:03:32]} Re8
{[%clk 1:17:21]} 17. Bd3 {[%clk 0:59:02]} Rc8 {[%clk 1:11:11]} 18. Rf2
{[%clk 0:57:20]} Bc4 {[%clk 0:59:37]} 19. Bxc4 {[%clk 0:55:29]} Rxc4
{[%clk 0:59:10]} 20. Rdf1 {[%clk 0:55:35]} Qc7 {[%clk 0:39:44]} 21. Kb1
{[%clk 0:52:41]} Rb4 {[%clk 0:12:29]} 22. Rxf6 {[%clk 0:51:59]} 1-0